000 00588nam a22001811i 4500
001 000030473
003 RuMoIPM
005 20260505110640.0
008 130430s1958----ur | c rus
040 _aRuMoIPM
_brus
_ercr
041 0 _arus
080 _a372.851(075)
100 1 _aРепьев, Виктор Васильевич
245 1 _aОбщая методика преподавания математики
_b[Пособие для пед. ин-тов]
_cВ. В, Репьев
260 _aМосква
_bУчпедгиз
_c1958
300 _a223 с.
_bчерт.
942 _cBK
999 _c30473
_d30473